Statistics for Pantera Albums

Click here to take the quiz!

General Stats

  • This quiz has been taken 37 times
  • The average score is 7 of 9

Answer Stats

YearAlbum% Correct
1990Cowboys From Hell
100%
1992Vulgar Display of Power
97%
1996The Great Southern Trendkill
91%
1994Far Beyond Driven
84%
2000Reinventing the Steel
84%
1988Power Metal
78%
1983Metal Magic
63%
1985I Am the Night
50%
1984Projects in the Jungle
44%

Score Distribution

Percentile by Number Answered

Percent of People with Each Score

Your Score History

You have not taken this quiz